| 000 | 01108nam a2200289 i 4500 | ||
|---|---|---|---|
| 001 | 000044722 | ||
| 003 | DO-SdBNP | ||
| 005 | 20251201090516.0 | ||
| 007 | ta | ||
| 008 | 150107s2009 dr a 000 0 spa d | ||
| 040 |
_aDO-SdBNP _bspa _cBNPHU _erda |
||
| 041 | _aspa | ||
| 082 |
_axxxx _bR426u _222 |
||
| 110 | 1 |
_aRepúlica Dominicana. _bJunta Central Electoral _972718 |
|
| 245 | 1 | 0 |
_aUnificación de prácticas y procedimientos del sistema de registro civil de la República Dominicana / _cpresentación Aura Celeste Fernández ; editora Nurys Paulino ; prólogo Blaurio Alcántara. |
| 264 |
_aSanto Domingo : _b(EFEC), _c2009. |
||
| 300 |
_a235 páginas : _bilustraciones, retratos. ; _c23 cm. |
||
| 336 |
_ardacontent _btexto _2txt |
||
| 337 |
_ardamedia _bsin mediación _2n |
||
| 338 |
_ardacarrier _bvolumen _2nc |
||
| 590 | _aInventariado, 2025/DG | ||
| 700 | 1 |
_aAlcántara, Blaurio _eprólogo _972719 |
|
| 700 | 1 |
_aPaulino, Nurys _eedición _922136 |
|
| 710 | 2 | 2 |
_aEscuela Nacional de Formación Electoral y del Estado Civil (EFEC), República Dominicana _972720 |
| 910 | _aDG | ||
| 942 |
_2ddc _cLBS1 |
||
| 999 |
_c44211 _d44211 |
||